=LDR 00000nam 2200000 4500 =001 INLIS000000000037056 =005 20130612142815 =008 ***********************************Ind** =035 ##$$0010-061300000037056 =041 ##$$a Ind =082 ##$$a 615.882 =090 ##$$a 615.882, Hak m =100 ##$$a Hakim, Jusup =245 ##$$a Mendiagnosis penyakit non medis, sebuah kajian dan metode terapi alif (pengobatan holistik), Jusuf Hakim =260 ##$$a 2010 $b Jakarta =300 ##$$a xiii, 265 hlm, 21 cm =650 ##$$a Pengobatan alternatif =850 ##$$a NBPNMAT =990 ##$$a 0001/BPAP-NTB/2016